000 00674nam a2200289Ia 4500
008 160803s9999 xx 000 0 und d
020 _a978-0545045155
100 _aNaylor, Phyllis Reynolds
245 _aBoys rock! /
245 _cPhyllis Reynolds Naylor.
260 _aNew York :
260 _bScholastic Inc.
260 _c2008
300 _a125 pages ;
300 _c20 cm
650 _aBrothers --
650 _aNeighbors --
650 _aNewspapers --
650 _aSisters --
650 _aSummer --
650 _xFiction.
650 _xFiction.
650 _xFiction.
650 _xFiction.
650 _xFiction.
700 _a800
999 _c298509
_d298509